ბათუმის შოთა რუსთაველის სახელმწიფო უნივერსიტეტის ბიბლიოთეკა

ძველი მსოფლიოს ისტორიის ენციკლოპედია (ბიბ.ჩანაწერი № 34503)

000 -LEADER
fixed length control field 00841nam a2200217Ia 4500
001 - CONTROL NUMBER
control field 252
003 - CONTROL NUMBER IDENTIFIER
control field GE_BSU
008 - FIXED-LENGTH DATA ELEMENTS--GENERAL INFORMATION
fixed length control field 181216s||||||||xx |||||||||||||| ||und||
020 ## - INTERNATIONAL STANDARD BOOK NUMBER
International Standard Book Number 9994030930
040 ## - CATALOGING SOURCE
Transcribing agency GE_BSU
080 ## - UNIVERSAL DECIMAL CLASSIFICATION NUMBER
Universal Decimal Classification number 94(3)(031)
245 ## - TITLE STATEMENT
Title ძველი მსოფლიოს ისტორიის ენციკლოპედია
245 ## - TITLE STATEMENT
Remainder of title ენციკლოპედია+ინტერნეტი. ჯეინ ბინგემი და სხვა.
245 ## - TITLE STATEMENT
Statement of responsibility, etc. სამ.რედ. გრანი ქავთარია
260 ## - PUBLICATION, DISTRIBUTION, ETC.
Date of publication, distribution, etc. 2009
300 ## - PHYSICAL DESCRIPTION
Extent 400გვ.
520 ## - SUMMARY, ETC.
Summary, etc. მთარგ. ციცო ხუცუაშვილი
653 ## - INDEX TERM--UNCONTROLLED
Uncontrolled term ძველი მსოფლიოს ისტორიის ენციკლოპედია
942 ## - ADDED ENTRY ELEMENTS (KOHA)
Koha item type წიგნი
ეგზემპლარები
Withdrawn status Lost status Damaged status Not for loan Date acquired Barcode Date last seen Price effective from Koha item type Public note
        2018-12-17 2197 2018-12-17 2018-12-17 წიგნი დარბაზი
        2018-12-17 2198 2018-12-17 2018-12-17 წიგნი დარბაზი